LEADER 01091nam0 22002651i 450 001 SUN0027816 005 20070507120000.0 100 $a20041116d1988 |0itac50 ba 101 $aita 102 $aIT 105 $a|||| ||||| 200 1 $aˆL'‰architettura della casa$esulla tipologia dello spazio domestico$econ un atlante di 100 abitazioni disegnate alla stessa scala$fAdriano Cornoldi 210 $aRoma$cOfficina$d1988 215 $a267 p.$cill.$d30 cm. 606 $aCase$xProgetti$2FI$3SUNC011330 620 $dRoma$3SUNL000360 676 $a728.3$v21 700 1$aCornoldi$b, Adriano$3SUNV019500$0438528 712 $aOfficina$3SUNV000156$4650 801 $aIT$bSOL$c20181109$gRICA 912 $aSUN0027816 950 $aBIBLIOTECA DEL DIPARTIMENTO DI ARCHITETTURA E DISEGNO INDUSTRIALE$d01 PREST IIAa32(1/2) $e01 98 995 $aBIBLIOTECA DEL DIPARTIMENTO DI ARCHITETTURA E DISEGNO INDUSTRIALE$bIT-CE0107$h98$kPREST IIAa32(1/2)$op$qa 996 $aArchitettura della casa$91431465 997 $aUNICAMPANIA